| 000 | 00335nam a22001337a 4500 | ||
|---|---|---|---|
| 008 | 170822b xxu||||| |||| 00| 0 eng d | ||
| 020 | _a9780618643011 | ||
| 041 | _aeng | ||
| 080 |
_23RD _8 _a51 |
||
| 100 | _a37 | ||
| 101 | _aMAT | ||
| 245 |
_aFUNCTIONS AND CHANGE A MODELING APPROACH TO COLLEGE ALGEBRA _cCRAUDER,B |
||
| 942 |
_2udc _cBK |
||
| 999 |
_c24463 _d24463 |
||